[Event "Ruhrgebiet Verbandsklasse Gruppe 3 1819"]
[Site "Nordrheinwestfalen"]
[Date "2019.03.24"]
[Round "8.6"]
[White "Gajda, Peter"]
[Black "Conradi, Rolf"]
[Result "1-0"]
[WhiteElo "1829"]
[BlackElo "1257"]
[PlyCount "45"]
[EventDate "2018.09.23"]
[EventType "team-tourn"]
[EventRounds "9"]
[EventCountry "GER"]
[SourceTitle "EXT 2022"]
[Source "ChessBase"]
[SourceDate "2021.10.06"]
[SourceVersion "1"]
[SourceVersionDate "2021.10.06"]
[SourceQuality "1"]
[WhiteTeam "Kirchhellen SF"]
[BlackTeam "Unna SV"]
[WhiteTeamCountry "GER"]
[BlackTeamCountry "GER"]

1. e4 e5 2. Nf3 Nc6 3. Bb5 Nf6 4. 0-0 a6 5. Bxc6 bxc6 6. Nxe5 Bc5 7. d4 Ba7 8. c3 Bb7 9. Qb3 0-0 10. Qxb7 Bb6 11. Nxc6 dxc6 12. Qxc6 Re8 13. e5 Re6 14. Qf3 Nd5 15. Nd2 c5 16. Nc4 Ba7 17. Nd6 Rxd6 18. exd6 Qxd6 19. c4 Bb8 20. g3 Nc7 21. Bf4 Qd8 22. d5 Qf6 23. d6 1-0